Hình học họa hình : Dùng cho các trường đại học kỹ thuật

محفوظ في:
التفاصيل البيبلوغرافية
المؤلف الرئيسي: Nguyễn, Đình Điện
التنسيق: كتاب
اللغة:Undetermined
منشور في: Hà Nội ĐH và THCN 1986
الموضوعات:
الوسوم: إضافة وسم
لا توجد وسوم, كن أول من يضع وسما على هذه التسجيلة!
Thư viện lưu trữ: Trung tâm Học liệu Trường Đại học Cần Thơ
LEADER 00622nam a2200205Ia 4500
001 CTU_1426
008 210402s9999 xx 000 0 und d
082 |a 516.6 
082 |b Đ305/T.1 
100 |a Nguyễn, Đình Điện 
245 0 |a Hình học họa hình : 
245 0 |b Dùng cho các trường đại học kỹ thuật 
245 0 |c Nguyễn Đình Điện 
260 |a Hà Nội 
260 |b ĐH và THCN 
260 |c 1986 
526 |a Hình học họa hình 
526 |b SP329 
650 |a Geometry, descriptive 
980 |a Trung tâm Học liệu Trường Đại học Cần Thơ